Секция D: Экологические аспекты применения поверхностно-активных веществ; VII Международный конгресс по поверхностно-активным веществам

Detalhes bibliográficos
Parent link:VII Международный конгресс по поверхностно-активным веществам: тезисы. Секция D: Экологические аспекты применения поверхностно-активных веществ.— .— Москва: [Б. и.], 1976
Outros Autores: Дюриг Д. Г.
Resumo:Часть докладов на русском языке, часть докладов на английском языке
Idioma:russo
inglês
Publicado em: 1976
Assuntos:
Formato: MixedMaterials Livro
KOHA link:https://koha.lib.tpu.ru/cgi-bin/koha/opac-detail.pl?biblionumber=682168

MARC

LEADER 00000nam2a2200000 4500
001 682168
005 20251009114835.0
090 |a 682168 
100 |a 20251009d1976 k||y0rusy50 ca 
101 0 |a rus  |a eng 
102 |a RU 
105 |a y z 100yy 
181 0 |a i   |b  e  
182 0 |a n 
183 0 |a nc  |2 RDAcarrier 
200 0 |a Секция D: Экологические аспекты применения поверхностно-активных веществ  |f рук. Д. Г. Дюриг 
203 |a Текст  |b визуальный  |c непосредственный 
210 |d 1976 
215 |a 52 с. 
283 |a volume  |2 RDAcarrier 
300 |a Часть докладов на русском языке, часть докладов на английском языке 
461 1 |0 682163  |9 682163  |t VII Международный конгресс по поверхностно-активным веществам  |o тезисы  |c Москва  |n [Б. и.]  |d 1976  |v Секция D: Экологические аспекты применения поверхностно-активных веществ 
606 |a Поверхностно-активные вещества  |9 87276 
610 1 |a биоразлагаемость 
610 1 |a измерение 
610 1 |a методы 
610 1 |a влияние 
610 1 |a окружающая природа 
610 1 |a живые организмы 
610 1 |a окружающая среда 
610 1 |a защита от загрязнения 
610 1 |a сточные воды 
610 1 |a очистка 
610 1 |a обезвреживание 
610 1 |a конгрессы 
675 |a 661.185(063)  |v 4 
702 1 |4 300  |a Дюриг  |b Д. Г. 
801 0 |a RU  |b 63413507  |c 20251009 
830 |a Ретро2025Каталогизация Шило 
850 |a 63413507 
942 |c BK